Länder und Hauptstädte ohne gleiche Buchstaben - Statistiken

Allgemein
  • Dieses Quiz wurde 157 mal gespielt
  • Das Durchschnittsergebnis liegt bei 10 aus 18
Antwortstatistiken
% Korrekt
Peru
80%
Italien
73%
Lima
70%
Polen
69%
Rom
69%
Uruguay
64%
Japan
63%
Warschau
63%
Tschechien
62%
Prag
58%
Tokio
58%
Montevideo
55%
Liechtenstein
54%
Vaduz
49%
Ägypten
29%
Kairo
29%
Indonesien
23%
Jakarta
22%
Keine übereinstimmenden Quizze gefunden
Verteilung der Resultate
Anzahl Personen mit jedem Resultat
Perzentil nach korrekt beantworteten Fragen
Ihre Resultats-Entwicklung
Sie haben dieses Quiz noch nicht gespielt